MDQL
is popping MORE tags! Check the
thread
!
Quizzes
Events
Quiz Creation
Community
Videos
Private Events
Remove Ads
Sign In
Join for FREE
Feedback
Dark Mode
Quiz Categories
Sports
Geography
Music
Movies
Television
Just For Fun
Miscellaneous
History
Literature
Language
Science
Gaming
Entertainment
Religion
Holiday
For Kids
Quiz Lab
Recent
Popular Today
Quiz Kudos Today
Editor Picks
Curator Picks
Quizzes by...
Day
Popularity
Type
Ratings
Length
Year
Community
Subscriptions
Recent Discussions
Orange Saloon
Badges
Playlists
Quests
Create
Leaderboards
Showdown
Live 5
Trivia Bingo
Activity
Puzzle Library
Sporcle Events
Private Events
Virtual Trivia
Globe League
Become a Host
Pub Owners
SporcleCon
Opinionation
Our Games
Videos
Blog
Mobile Apps
Partnerships
Remove Ads and Go Orange
Feedback
Sports
Athletes
MLB
NBA
NHL
NFL
Soccer
Sports Teams
WWE
NCAA
Football
Premier League
Basketball
Baseball
Hockey
Golf
Tennis
Cricket
Rugby
Auto Racing
Olympics
World Cup
Sports
Athletes
MLB
NBA
NHL
NFL
Soccer
Sports Teams
WWE
NCAA
Football
Premier League
Basketball
Baseball
Hockey
Golf
Tennis
Cricket
Rugby
Auto Racing
Olympics
World Cup
Random Quiz
Search Sporcle
×
Quiz Lab
Quiz Lab
Sports
Football
Type in answers that appear in a list
Type in answers that appear in a list
Classic
Best Score? Go Orange.
GAC Starters Stats
Can you name the GAC Starters?
By
PartyBoyz101
8m
38 Questions
27 Plays
27 Plays
27 Plays
Comments
Comments
Give Quiz Kudos
Give Quiz Kudos
-
- Ratings
hide this ad
Forced Order
Answers have to be entered in order
Answers have to be entered in order
Replay
Link that replays current quiz
Next Quiz
Link to next quiz in quiz playlist
You Got
0%
They Got
Avg Score
70%
Avg Friend Score
Upgrade to see
Score Distribution
Jump to the score distribution portion of the page
Score
0/38
Timer
08:00
0
Plays Today
Positions
Name
% Correct
Quarterback
Beaux Hebert
100%
Wide Receiver
Julian Horton
96.3%
LT
Chase Roberts
92.6%
Tight End
Corey Simmons
85.2%
Running Back
Lavondre Nelson
81.5%
Wide Receiver
Taylor Bruner
81.5%
Wide Receiver
Elie Haynes
81.5%
LG
Michael Watts
81.5%
FS
David Floyd
81.5%
DE
Corey Simmons
77.8%
PG
Paul Dawson
77.8%
PF
Elliott Long
77.8%
RT
David Davis
74.1%
K
Connor Cox
74.1%
SG
Malcolm Brogdon
74.1%
C
Trent Wiedeman
74.1%
Girls PG
Chaney Means
74.1%
Swimmer
Will Freeman
74.1%
DT
Stephen Harber
70.4%
Positions
Name
% Correct
ILB
David Davis
70.4%
P
Taylor Bruner
70.4%
Tennis
Morgan Winston
70.4%
C
Joe Clark-Kaziow
66.7%
FB
Stephen Harber
66.7%
ILB
David Harber
66.7%
SF
Beaux Hebert
66.7%
Golf
Lindsay Adams
66.7%
OLB
Marcus Gibson
63%
CB
Elie Haynes
63%
Girls C
Kristina Nelson
63%
RG
Sam Kessler
59.3%
CB
Julian Horton
59.3%
Girls SG
Clarke Boards
59.3%
Girls PF
Alex McCall
55.6%
VolleyBall
Amanda Komisarow
55.6%
NG
Parker Fair
51.9%
Girls SF
Sierra Lawrence
48.1%
OLB
Patrick Corley
40.7%
Quiz Playlist
Details
Report
Send in Message
Add To Playlist
Classic:
Type in answers that appear in a list
Forced Order:
Answers have to be entered in order
Last Updated: Feb 16, 2017
Quiz Scoreboard
CHALLENGE
Sign Up to Join the Scoreboard
Show All
Scores
Hide
Comments
May contain spoilers
Recently Published
Find the 'City' Movie
by crazypaving
Movies
60s
5x2 Blitz: Bands
by SL_Kpop136
Music
30s
Colored Red Africa Blitz
by spor1
Geography
30s
More to Explore
Quiz From the Vault
Featured Blog Post
14 Easter Pick-up Lines to Find Eggs With
hide this ad
You Might Also Like...
Tags
Football Quiz
gac
Starter
Today's Top Quizzes in Sports
Browse Sports
hide this ad
Today's Top Quizzes in Football
Browse Football
Top Contributed Quizzes in Sports
1
Les entraîneurs de l'OM et du PSG au 21e siècle
2
Les meilleurs buteurs des matchs entre le PSG et l’OM
3
Les joueurs passés par le PSG et l'OM
4
Players with Multiple 50 Home Run Seasons
5
2022 World Cup Stars
6
Criteria MLB: Left Handed Sluggers
7
NBA Logic Puzzle 2.0
8
MLB Players with Two .350 Batting Average Seasons
9
Top 10 NHL Goal Scorers of All Time
10
Les joueurs passés par le LOSC et le RC Lens
Explore More
Trending Topics
Kpop
Anime
Crossword
Disney
Harry Potter
Marvel
NBA
Country
Soccer
WWE
Puzzle
The Office
Song
NFL
Pokémon
hide this ad
More By:
PartyBoyz101
Quiz
Plays
Rating
Category
Featured
Created
GAC Starters
27
Sports
Dec 5, 2009
No Ceilings Lyrics
3
Music
Dec 5, 2009
Go to Creator's Profile
Score Distribution
Quiz Creator Spotlight
PartyBoyz101
Follow
Send a Message
Quizzes Created
-
Created Quiz Play Count
-
More By This Creator
Popular Quizzes Today
1
Colored Red Africa Blitz
2
Find the 'City' Movie
3
Find the US States - No Outlines Minefield
4
5x2 Blitz: Bands
5
The Countries of the World
6
Find the US States
7
Find the Countries of Europe - No Outlines Minefield
8
US States
More Sports Quizzes
Champions League Winners by Country
Curator's Pick
Trending Quizzes
Colored Red Europe Blitz I
Colored Red Africa Blitz II
Colored Red Europe Blitz II
Colored Red Europe Blitz III
Colored Red Africa Blitz III
Recently Updated
How Do You Spell That?
pecheneg
Godzilla Movies
pecheneg
Grab Bag: 4-10 Letters
pecheneg
2024 March Madness Bracket
pecheneg
Famous TV Couples
Peacemaker
Champions League XIs: Real Madrid
pecheneg
Largest US Cities 1790-2010
pecheneg
Rides in Walt Disney World
pecheneg
Most Oscar Losses (Acting)
pecheneg
Beyoncé Albums
pecheneg
Trending Topics
Crossword
Anime
NBA
Marvel
Kpop
Disney
Harry Potter
Pokémon
NFL
Soccer
Song
The Office
Puzzle
Country
WWE
Your Account Isn't Verified!
In order to create a playlist on Sporcle, you need to verify the email address you used during registration. Go to your
Sporcle Settings
to finish the process.
Report this User
Report this user for behavior that violates our
Community Guidelines
.
Details:
Send Report
Go to the Sporcle.com Mobile Site →
Comments